Štát a trh

Vývoj názorov na vzťah štátu a trhu. Hlavné teoretické smery zaoberajúce sa vzťahom štátu a trhu. Anglická klasická politická ekonómia. Neoklasická ekonomická teória. Moderný neoliberalizmus. Monetarizmus a ekonómia strany ponuky. Úloha štátu v súčasných podmienkach.

Na minha lista:
Detalhes bibliográficos
Autor principal: Horniaková, Ľubica
Formato: Capítulo de Livro
Idioma:eslovaco
Assuntos:
Tags: Adicionar Tag
Sem tags, seja o primeiro a adicionar uma tag!

MARC

LEADER 00000naa a2200000 4500
001 r043940
005 20230929080951.5
041 0 |a slo 
044 |a SK 
245 1 0 |a Štát a trh  |c Ľubica Horniaková 
520 |a Vývoj názorov na vzťah štátu a trhu. Hlavné teoretické smery zaoberajúce sa vzťahom štátu a trhu. Anglická klasická politická ekonómia. Neoklasická ekonomická teória. Moderný neoliberalizmus. Monetarizmus a ekonómia strany ponuky. Úloha štátu v súčasných podmienkach. 
610 2 0 |a teórie ekonomické 
610 2 0 |a štát 
610 2 0 |a trh 
610 2 0 |a monetarizmus 
610 2 0 |a neoliberalizmus 
610 2 0 |a ekonómia politická klasická 
610 2 0 |a keynesizmus 
100 1 |a Horniaková, Ľubica